Propuesta de aplicación de herramientas de manejo de paisaje rural ganadero de tierra fría e incentivos en la cuenca alta del río Chinchiná (Registro nro. 4816)

Detalles MARC
000 -CABECERA
Campo de control 02307nam a2200277 a 4500
005 - FECHA Y HORA DE LA ULTIMA TRANSACCION
Campo de control 20141222143820.0
008 - ELEMENTOS DE LONGITUD FIJA—INFORMACION GENERAL
Campo de control 140124b2005 ck ||||| |||| 00| 0 spa d
040 ## - FUENTE DE CATALOGACIÓN
Agencia transcriptora CO-BoIH
041 ## - IDIOMA
Código de idioma para texto/pista de sonido o título separado Español
044 ## - PAÍS DE PUBLICACIÓN
País de publicación Colombia
090 ## - CLASIFICACIÓN LOCAL
Colección IAVH
Consecutivo 00449
100 ## - ASIENTO PRINCIPAL--NOMBRE PERSONAL
Nombre personal Caro Castrillón, Andrés Felipe
245 ## - MENCION DE TITULO
Título Propuesta de aplicación de herramientas de manejo de paisaje rural ganadero de tierra fría e incentivos en la cuenca alta del río Chinchiná
260 ## - PUBLICACION, DISTRIBUCION, ETC. (PIE DE IMPRENTA)
Lugar de publicación, distribución, etc. Manizales
Nombre del editor, distribuidor, etc. Instituto Alexander von Humboldt
Fecha de publicación, distribución, etc. 2005
300 ## - DESCRIPCION FISICA
Extensión 281 p.
520 ## - NOTA DE RESUMEN, ETC.
Nota de resumen Formulación y diseño de una propuesta que, en el primer capítulo, parte de conceptualizaciones y métodos de análisis de aspectos pertinentes a los procesos de manejo de información primaria, secundaria y de los análisis e interpretaciones convenientes a la necesidad de mapificar asuntos del orden físico biótico y socioeconómico, para luego, en el segundo capítulo y con base en instrumentos auxiliares de diagnóstico, como el SIG y los paquetes de manejo estadístico de información (SPSS), establece una sintomatología ambiental, y se expone la síntesis de los dos componentes de referencia. Con base en evaluaciones comparativas vs. estándares o patrones, se obtienen categorizaciones de uso de unidades integrales homogéneas,obteniéndose categorizaciones de uso de las mismas, aspectos relacionados con las indicaciones de los objetivos de conservación de la cuenca alta, identificándose en el capítulo tercero las herramientas de manejo del paisaje. En el capítulo cuarto se tratan los costos de instalación y mantenimiento de las herramientas y las oportunidades de aplicación de las mismas. En el quinto, se relacionan las posibilidades de participación institucional en la ejecución de las propuestas, las estrategias de negociación posibles, lineamientos de orden operativo y se señalan esquemas de evaluación de desempeño y de impactos
650 ## - ASIENTO SECUNDARIO DE MATERIA - TERMINO TEMATICO
Término temático o nombre geográfico como elemento de entrada Herramientas de Manejo del Paisaje
650 ## - ASIENTO SECUNDARIO DE MATERIA - TERMINO TEMATICO
Término temático o nombre geográfico como elemento de entrada HMP
650 ## - ASIENTO SECUNDARIO DE MATERIA - TERMINO TEMATICO
Término temático o nombre geográfico como elemento de entrada Ganadería de tierra fría
650 ## - ASIENTO SECUNDARIO DE MATERIA - TERMINO TEMATICO
Término temático o nombre geográfico como elemento de entrada Incentivos para aplicación de HMP
650 ## - ASIENTO SECUNDARIO DE MATERIA - TERMINO TEMATICO
Término temático o nombre geográfico como elemento de entrada Zonificación
650 ## - ASIENTO SECUNDARIO DE MATERIA - TERMINO TEMATICO
Término temático o nombre geográfico como elemento de entrada Construcción cartográfica
700 ## - ASIENTO SECUNDARIO - NOMBRE PERSONAL
Nombre personal Valdés Carrillo, Hernando
942 ## - ELEMENTOS ADICIONALES (KOHA)
Tipo de ítem Informe Técnico
Sistema de clasificación Local
945 ## - PROCESAMIENTO LOCAL
AAAA-MM-DD - Fecha de ingreso o modificacion 2005-11-16
Existencias
Withdrawn status Lost status Sistema de Clasificación Damaged status No para préstamo Colección Inventariado Ubicación Permanente Ubicación actual Fecha de adquisición Fuente de Valor Total Checkouts Número topográfico Inventario / Código de Barras Date last seen Ejemplar Price effective from Forma de adquisición Tipo de material
    Local     Humboldt Inventariado 2017 Bogotá Bogotá 16/11/2005 CID Humboldt   IAVH-00449 022259 09/08/2024 Ej. 1 04/12/2012   Informe Técnico